| 000 -LEADER |
| fixed length control field |
00741cgm a22002417i 4500 |
| 001 - CONTROL NUMBER |
| control field |
20599181 |
| 005 - DATE AND TIME OF LATEST TRANSACTION |
| control field |
20211018125558.0 |
| 007 - PHYSICAL DESCRIPTION FIXED FIELD--GENERAL INFORMATION |
| fixed length control field |
vd csaizq |
| 008 - FIXED-LENGTH DATA ELEMENTS--GENERAL INFORMATION |
| fixed length control field |
180725s2007 enk093 mleng |
| 010 ## - LIBRARY OF CONGRESS CONTROL NUMBER |
| LC control number |
2018601372 |
| 017 ## - COPYRIGHT OR LEGAL DEPOSIT NUMBER |
| Copyright or legal deposit number |
PA0001839840 |
| Assigning agency |
U.S. Copyright Office |
| 020 ## - INTERNATIONAL STANDARD BOOK NUMBER |
| International Standard Book Number |
9788779897533 |
| 041 ## - LANGUAGE CODE |
| Language code of text/sound track or separate title |
eng |
| 050 00 - LIBRARY OF CONGRESS CALL NUMBER |
| Classification number |
DVE 2838 (viewing copy) |
| 080 ## - UNIVERSAL DECIMAL CLASSIFICATION NUMBER |
| Universal Decimal Classification number |
299.936 H-88 |
| 100 ## - MAIN ENTRY--PERSONAL NAME |
| Personal name |
Hubbard, L. Ron |
| 9 (RLIN) |
12506 |
| 245 00 - TITLE STATEMENT |
| Title |
Scientology: |
| Statement of responsibility, etc. |
produced by Golden Era Productions. |
| Remainder of title |
the fundamentals of thought / |
| 264 #4 - PRODUCTION, PUBLICATION, DISTRIBUTION, MANUFACTURE, AND COPYRIGHT NOTICE |
| Date of production, publication, distribution, manufacture, or copyright notice |
Los aNgeles : |
| Place of production, publication, distribution, manufacture |
New Era |
| Name of producer, publisher, distributor, manufacturer |
2007. |
| 300 ## - PHYSICAL DESCRIPTION |
| Extent |
243 p. |
| Other physical details |
24 cm. |
| 653 ## - INDEX TERM--UNCONTROLLED |
| keyword |
the fundamentals of thought |
| 653 ## - INDEX TERM--UNCONTROLLED |
| keyword |
აზროვნების საფუძვლები |
| 942 ## - ADDED ENTRY ELEMENTS (KOHA) |
| Source of classification or shelving scheme |
|
| Koha item type |
წიგნი |